Visualizzazione normale
Vista MARC
- Biblia.
di Uniform Title
Records bibliografici associati: 4
001 - CONTROL NUMBER
- control field: 61701
003 - CONTROL NUMBER IDENTIFIER
- control field:
005 - DATE AND TIME OF LATEST TRANSACTION
- control field: 20250226110227.0
008 - FIXED-LENGTH DATA ELEMENTS
- fixed length control field: 250226|| aca||aabn | a|a d
040 ## - CATALOGING SOURCE
- Original cataloging agency:
- Transcribing agency:
130 ## - HEADING--UNIFORM TITLE
- Uniform title: Biblia.
- Form subdivision: N.T.
- General subdivision: Evang. sec. Marcum
670 ## - SOURCE DATA FOUND
- Source citation: Work cat.: ()360403: Schweizer, Eduard, 1913-2006. autore 61700, Il Vangelo secondo Marco., 1971.